Barnes & Noble Classics Covers Quiz Stats

 Plays Quiz Updated Dec 14, 2014

Challenge
Share
Tweet
Score 0/25 Timer 05:00
3 Plays Today
% Correct
The Adventures of Huckleberry Finn
87.2%
The Odyssey
87%
Twenty Thousand Leagues Under the Sea
84.2%
Peter Pan
83.4%
The Scarlet Letter
80.8%
Treasure Island
79.7%
Uncle Tom's Cabin
78.4%
The Three Musketeers
78%
The Canterbury Tales
76.4%
Les Misérables
71.9%
Don Quixote
70.7%
Sense and Sensibility
69.2%
The Inferno
66.7%
% Correct
Robinson Crusoe
66%
Anna Karenina
65.3%
Wuthering Heights
60.2%
Paradise Lost
57.7%
The Prince
57.1%
Crime and Punishment
55.4%
The Jungle
50.8%
The Last of the Mohicans
49.5%
The Metamorphosis
48%
Candide
36.8%
Republic
36.1%
Ivanhoe
34.6%

You're not logged in!

Compare scores with friends on all Sporcle quizzes.
Join for Free
OR
Log In

You Might Also Like...

Show Comments

Extras

Top Quizzes Today


Score Distribution

Your Account Isn't Verified!

In order to create a playlist on Sporcle, you need to verify the email address you used during registration. Go to your Sporcle Settings to finish the process.

Report this User

Report this user for behavior that violates our Community Guidelines.

Details: